Estatísticas para Discografia de Foo Fighters

Clique aqui para jogar o quiz

Estatísticas Gerais

  • Esse quiz foi jogado 5 vezes
  • A pontuação média é 6 de 11

Estatísticas das Respostas

LançamentoÁlbum% Correto
1995Foo Fighters
100%
2011Wasting Light
100%
2017Concrete and Gold
75%
2002One by One
75%
1997The Colour and the Shape
75%
2007Echoes, Silence, Patience & Grace
50%
2005In Your Honor
50%
1999There's Nothing Left to Lose
50%
2023But Here We Are
25%
2014Sonic Highways
25%
2021Medicine at Midnight
0%

Distribuição das Pontuações

Percentil de Números Respondidos

Porcentagem de Pessoas com Cada Pontuação

Sua Pontuação Histórica

Você não jogou esse quiz